| 000 -ლიდერი |
| ფიქსირებული სიგრძის საკონტროლო ველი |
01293nam a2200217Ia 4500 |
| 001 - საკონტროლო ნომერი |
| საკონტროლო ველი |
19553 |
| 003 - საკონტროლო ნომრის იდენტიფიკატორი |
| საკონტროლო ველი |
GE_BSU |
| 005 - ბოლო ოპერაციის თარიღი და დრო |
| საკონტროლო ველი |
20200304230427.0 |
| 008 - ფიქსირებული სიგრძის მონაცემთა ელემენტები - ზოგადი ინფორმაცია |
| ფიქსირებული სიგრძის საკონტროლო ველი |
181216s1982||||ge |||||||||||||| ||geo|| |
| 040 ## - კატალოგიზაციის წყარო |
| Transcribing agency |
GE_BSU |
| 041 ## - ენის კოდი |
| Language code of text/sound track or separate title |
geo |
| 080 ## - უნივერსალური ათობითი კლასიფიკაციის ინდექსი |
| Universal Decimal Classification number |
811.353.1-26 კ-49 |
| 100 ## - მთავარი ჩანაწერი - პიროვნების სახელი |
| Personal name |
კიკნაძე, ი. |
| 9 (RLIN) |
7687 |
| 245 ## - ცნობა სათაურის შესახებ |
| Title |
ეკ.გაბაშვილის თხზულებათა ენა და სტილი : |
| Remainder of title |
ეკ. გაბაშვილის თხზულებათა ენობრივი დახასითება - ფონეტიკური თავისებურებანი - ლექსიკის ზოგიერთი თვისებურება - ეკ. გაბაშვილის თხზულებათა სტილის ზოგიერთი საკითხი - დასკვნა / |
| Statement of responsibility, etc |
ი. კიკნაძე ; რედ. ნ. ფავლენიშვილი. |
| 264 ## - წარმოების, გამოცემის, დისტრიბუციის და სხვა ცნობები |
| გამოცემის, წარმოების, დისტრიბუციის... ადგილი |
თბილისი : |
| გამოცემის, წარმოების, დისტრიბუციის... სახელწოდება |
განათლება, |
| გამოცემის, წარმოების, დისტრიბუციის... თარიღი |
1982. |
| 300 ## - ფიზიკური აღწერა |
| Extent |
103 გვ. ; |
| Dimensions |
20 სმ. |
| 653 ## - INDEX TERM--UNCONTROLLED |
| Uncontrolled term |
ქართველ მწერალთა ენა |
| 700 ## - ADDED ENTRY--PERSONAL NAME |
| Personal name |
ფავლენიშვილი, ნ. |
| Relator term |
რედაქტორი |
| 9 (RLIN) |
3115 |
| 942 ## - ADDED ENTRY ELEMENTS (KOHA) |
| Koha item type |
წიგნი |
| Source of classification or shelving scheme |
|